| 000 -LEADER |
| fixed length control field |
00640nam a22001817a 4500 |
| 008 - FIXED-LENGTH DATA ELEMENTS--GENERAL INFORMATION |
| fixed length control field |
131107b xxu||||| |||| 00| 0 eng d |
| 020 ## - INTERNATIONAL STANDARD BOOK NUMBER |
| International Standard Book Number |
9783838337968 |
| 041 0# - LANGUAGE CODE |
| Language code of text/sound track or separate title |
eng |
| 080 ## - UNIVERSAL DECIMAL CLASSIFICATION NUMBER |
| Universal Decimal Classification number |
330.322 |
| 100 ## - Rafti |
| Rafti |
Zeqiri, Nazmi |
| 245 10 - TITLE STATEMENT |
| Title |
The impact of FDI in transition economies : |
| Statement of responsibility, etc |
Nazmi Zeqiri. |
| 260 ## - |
| -- |
Germany : |
| -- |
Verlag: Lambert Academic Publishing AG & Co. KG ; |
| -- |
2010 |
| 300 ## - |
| -- |
84 f.: |
| -- |
me il. ; |
| -- |
22 cm. |
| 505 ## - |
| -- |
References : f. 79 - 84 |
| 520 ## - |
| -- |
Executive Summary = [Përmbledhja ekzekutive] : f. 4 |
| 650 #0 - |
| -- |
Zhvillimi ekonomik |
| 942 ## - ADDED ENTRY ELEMENTS (KOHA) |
| Source of classification or shelving scheme |
|
| Item type |
Books |